Algoritmizácia výpočtu kročajovej a vzduchovej nepriezvučnosti stavebných konštrukcií a jej prínos pri projektovaní stavieb

Bibliographic Details
Main Author: Kalinay, Pavol (Author)
Format: Article
Language:Slovak
PhysicalDescription:Sch. 3. Tb. 5. Res. slov., angl., rus., lit. 6 zázn. v slov.
Subjects:

MARC

LEADER 00000nab a2200000 a 4500
001 vtls000427419
003 SK-MaSNL
005 20260304224859.0
008 160204c1991 xo 0 slo
015 |a SNBRA19rr/mm-uuuuu 
035 |a CL0427547 
040 |a SNKBUCL  |b slo  |c SNKBUCL  |e AACR2 
041 0 |a slo 
044 |a xo  |c SK 
080 |a 624.01:534.8:681.3.06  |2 1981 
080 |a 534.8  |2 1981 
080 |a 681.3.06  |2 1981 
080 |a 624.072.2  |2 1981 
080 |a 69.07  |2 1981 
100 1 |a Kalinay, Pavol  |4 aut  |9 278582 
245 1 0 |a Algoritmizácia výpočtu kročajovej a vzduchovej nepriezvučnosti stavebných konštrukcií a jej prínos pri projektovaní stavieb  |c Pavol Kalinay 
300 |b Sch. 3. Tb. 5. Res. slov., angl., rus., lit. 6 zázn. v slov. 
650 0 7 |a stavebné konštrukcie  |2 snkbucl  |9 3695 
650 0 7 |a nepriezvučnosť vzduchová  |2 snkbucl  |9 898956 
650 0 7 |a nepriezvučnosť kročajová  |2 snkbucl  |9 1560488 
650 0 7 |a programy počítačové  |2 snkbucl  |9 461539 
655 7 |a články zo zborníkov  |2 snkbucl  |9 166140 
773 0 |t Zborník vedeckých prác Stavebnej fakulty Slovenskej vysokej školy technickej v Bratislave 1988  |d Bratislava : Alfa, 1991  |g S. 31-47 
850 |a Slovenská národná knižnica v Martine  |a MTA001 
852 |a SNK  |b KIS3GCP 
958 |a NB 
958 |a RK 
992 |a RZB 
999 |c 3174622  |d 3176552